000 00492nam a2200181Ia 4500
005 20250326125359.0
008 250326s9999 xx 000 0 und d
037 _aTextbook
040 _aFMSL
_beng
_cFMSL
041 _aeng
_2eng
084 _aX9W L4;1
_qFMSL
100 _aRoy S K
_9296516
245 0 _aCorporate image in India
_cRoy S K
260 _aNew Delhi
_bNew Delhi, Shri Ram Centure
_c1974
300 _a343p
942 _cTB
_hX9W L4;1
999 _c1277786
_d1277786